000
00219nam a2200097Ia 4500
008
240331s9999 xx 000 0 und d
082
_b
LOW
100
_a
Lowers, J. K
245
0
_a
Caesar and cleopatra :
_b
notes
942
_c
L
999
_c
3187
_d
3187